The New cambridge history of India : (Record no. 6130)
[ view plain ]
| 000 -LEADER | |
|---|---|
| fixed length control field | 00589cam a2200217ua 4500 |
| 001 - CONTROL NUMBER | |
| control field | 6994 |
| 005 - DATE AND TIME OF LATEST TRANSACTION | |
| control field | 20260515114135.0 |
| 008 - FIXED-LENGTH DATA ELEMENTS--GENERAL INFORMATION | |
| fixed length control field | 141118n xxk |||gr||||Z||||||eng |
| 020 ## - INTERNATIONAL STANDARD BOOK NUMBER | |
| International Standard Book Number | 9780521543057 |
| 040 ## - CATALOGING SOURCE | |
| Transcribing agency | MAIN |
| 041 ## - LANGUAGE CODE | |
| Language code of text/sound track or separate title | eng |
| 082 ## - DEWEY DECIMAL CLASSIFICATION NUMBER | |
| Classification number | 320 |
| 100 ## - MAIN ENTRY--PERSONAL NAME | |
| Personal name | Brass, Paul R., |
| Relator term | Author. |
| 245 1# - TITLE STATEMENT | |
| Title | The New cambridge history of India : |
| Remainder of title | The politics of India since independence / |
| Statement of responsibility, etc. | By Paul R. Brass . |
| 250 ## - EDITION STATEMENT | |
| Edition statement | 2nd rev. |
| 260 ## - PUBLICATION, DISTRIBUTION, ETC. | |
| Place of publication, distribution, etc. | United Kingdom: |
| Name of publisher, distributor, etc. | Cambridge, |
| Date of publication, distribution, etc. | 2010. |
| 300 ## - PHYSICAL DESCRIPTION | |
| Extent | xix,404p. |
| 653 ## - INDEX TERM--UNCONTROLLED | |
| Uncontrolled term | Political science |
| 653 ## - INDEX TERM--UNCONTROLLED | |
| Uncontrolled term | Indian politics |
| 942 ## - ADDED ENTRY ELEMENTS (KOHA) | |
| Koha item type | Books |
| Withdrawn status | Lost status | Damaged status | Not for loan | Home library | Current library | Shelving location | Date acquired | Total checkouts | Full call number | Barcode | Date last seen | Copy number | Price effective from | Koha item type |
|---|---|---|---|---|---|---|---|---|---|---|---|---|---|---|
| Naharkatiya College Library | Naharkatiya College Library | General stacks | 09/19/2020 | 320.954 | BRA | 20984 | 09/19/2020 | 1 | 09/19/2020 | Books |